| 000 | 00488nam a22001457a 4500 | ||
|---|---|---|---|
| 005 | 20150708143135.0 | ||
| 008 | 150708b xxu||||| |||| 00| 0 eng d | ||
| 022 | _a2321-2217 | ||
| 245 | _aJournal of pharmaceutical technology,research and management | ||
| 260 |
_aChandigarh _bChitkara University Publication _c2013 |
||
| 300 |
_av. _c24 cm |
||
| 310 | _aBi-annually | ||
| 270 |
_bChandigarh _e160009 _aSaraswati Kendra,SCO 160-161 , Sector 9 C,Post Box No 70, _dIndia |
||
| 942 |
_2ddc _cSR _s1 |
||
| 999 |
_c94735 _d94735 |
||